000 00325nam a22001457a 4500
008 210312b ||||| |||| 00| 0 eng d
020 _a9780131293175
041 _aeng
080 _23rd
_a91
082 _a91
100 _a42
101 _aGJEO
245 _aGeographical Information System
_cHeywood, I
942 _2udc
_cBK
999 _c56481
_d56481